Thinking with cinema (Record no. 5436)

MARC details
000 -CABECERA
campo de control de longitud fija 01270nam a22002177a 4500
003 - IDENTIFICADOR DEL NÚMERO DE CONTROL
campo de control OSt
005 - FECHA Y HORA DE LA ÚLTIMA TRANSACCIÓN
campo de control 20260511105942.0
008 - DATOS DE LONGITUD FIJA--INFORMACIÓN GENERAL
campo de control de longitud fija 260428b |||||||| |||| 00| 0 eng d
022 ## - NÚMERO INTERNACIONAL NORMALIZADO PARA PUBLICACIONES SERIADAS
Número Internacional Normalizado para Publicaciones Seriadas 1466-4615
040 ## - FUENTE DE LA CATALOGACIÓN
Centro catalogador/agencia de origen TBS
Lengua de catalogación EN
Centro/agencia transcriptor TBS
041 ## - CÓDIGO DE LENGUA
Código de lengua del texto/banda sonora o título independiente eng
100 ## - ENTRADA PRINCIPAL--NOMBRE DE PERSONA
Nombre de persona Bell, Jeffrey
9 (RLIN) 26921
Término indicativo de función/relación author
245 ## - MENCIÓN DE TÍTULO
Título Thinking with cinema
Resto del título : deleuze and film theory
Mención de responsabilidad, etc. / Jeffrey Bell.
260 ## - PUBLICACIÓN, DISTRIBUCIÓN, ETC.
Nombre del editor, distribuidor, etc. Film-Philosophy,
Fecha de publicación, distribución, etc. 1997.
300 ## - DESCRIPCIÓN FÍSICA
Extensión 1-6 pages.
490 ## - MENCIÓN DE SERIE
Mención de serie Film-Philosophy
Designación de volumen o secuencia vol.1, no.1
505 ## - NOTA DE CONTENIDO CON FORMATO
Nota de contenido con formato In this edition of Iris serious attention is paid to the film theory of Gilles Deleuze. As D. N. Rodowick correctly notes in his introduction, Deleuze's film theory has largely been ignored either because commentators approach his cinema books with insufficient knowledge of Deleuze's concepts and philosophical work as a whole (which Deleuze presupposes throughout his cinema books), or one is familiar with Deleuze's work but is inadequately knowledgeable of film and film theory. This collection of essays attempts to approach Deleuze's film books while avoiding either of these two pitfalls.
630 #0 - PUNTO DE ACCESO ADICIONAL DE MATERIA--TÍTULO UNIFORME
Título uniforme B2 PBT Film Studies (BiM)
9 (RLIN) 26907
856 ## - LOCALIZACIÓN Y ACCESO ELECTRÓNICOS
Identificador Uniforme del Recurso <a href="https://research-ebsco-com.hub.tbs-education.fr/linkprocessor/plink?id=72c49e7b-065d-303a-8285-a5f7cf9b1cc7">https://research-ebsco-com.hub.tbs-education.fr/linkprocessor/plink?id=72c49e7b-065d-303a-8285-a5f7cf9b1cc7</a>
942 ## - ELEMENTOS DE ENTRADA AGREGADA (KOHA)
Fuente del sistema de clasificación o colocación Clasificación de Library of Congress
Holdings
Estado de retiro Estado de pérdida Fuente del sistema de clasificación o colocación Estado dañado No para préstamo Código de colección Biblioteca de origen Biblioteca actual Fecha de adquisición Total de préstamos Fecha visto por última vez Identificador Uniforme del Recurso Precio válido a partir de Tipo de ítem Koha
    Clasificación de Library of Congress     Core Textbooks TBS Barcelona TBS Barcelona 08/05/2026   08/05/2026 https://research-ebsco-com.hub.tbs-education.fr/linkprocessor/plink?id=72c49e7b-065d-303a-8285-a5f7cf9b1cc7 08/05/2026 Academic Article

Powered by Koha